| 000 | 00823nam a2200229 a 4500 | ||
|---|---|---|---|
| 001 | 000045516 | ||
| 005 | 20201002052307.0 | ||
| 008 | 150413s2000 dr a 000 0 spa d | ||
| 020 | _a9945444263 | ||
| 040 |
_aDO-SdBNP _bspa _cBNPHU |
||
| 082 |
_a372.7 _bR788q |
||
| 100 | 1 |
_aRosa, María del Jesús de la _910954 |
|
| 245 | 1 | 0 |
_aQué rápido aprendo a dividir / _cMaría del Jesús de la Rosa ; ilustración Ramón L. Sandoval. |
| 260 |
_aSanto Domingo : _bActualidad Escolar, _c2000. |
||
| 300 |
_a48 p. : _bil. ; _c28 cm. |
||
| 490 | 1 | _aQué rápido aprendo | |
| 650 | 4 |
_aMatemáticas _xEnseñanza prescolar _973567 |
|
| 650 | 4 |
_aDivisión (arimética) _973570 |
|
| 700 | 1 | 2 |
_aSandoval, Ramón L., _eil. _929585 |
| 710 | 2 |
_aActualidad Escolar 2000 (República Dominicana) _973571 |
|
| 830 | 0 |
_aQué rápido aprendo _973572 |
|
| 999 |
_c45005 _d45005 |
||